UMTS networks : architecture, mobility, and services (Record no. 8355)
[ view plain ]
| 000 -LEADER | |
|---|---|
| fixed length control field | 00409 a2200121 4500 |
| 020 ## - INTERNATIONAL STANDARD BOOK NUMBER | |
| International Standard Book Number | 047148654X |
| 040 ## - CATALOGING SOURCE | |
| Original cataloging agency | DLC |
| Language of cataloging | DLC |
| 245 00 - TITLE STATEMENT | |
| Title | UMTS networks : architecture, mobility, and services |
| Remainder of title | architecture, mobility, and services |
| Statement of responsibility, etc. | Heikki Kaaranen |
| 260 ## - PUBLICATION, DISTRIBUTION, ETC. | |
| Place of publication, distribution, etc. | Chichester ; |
| -- | New York : |
| Name of publisher, distributor, etc. | J. Wiley, |
| Date of publication, distribution, etc. | 2001. |
| 300 ## - PHYSICAL DESCRIPTION | |
| Extent | xxiv, 302 p. : |
| Other physical details | ill. ; |
| Dimensions | 25 cm. |
| 700 1# - ADDED ENTRY--PERSONAL NAME | |
| Personal name | Kaaranen, Heikki. |
| 942 ## - ADDED ENTRY ELEMENTS (KOHA) | |
| Koha item type | Book |
| Call number prefix | 621.3845 KAA |
| Source of classification or shelving scheme | |
| Withdrawn status | Lost status | Damaged status | Not for loan | Collection code | Permanent Location | Current Location | Shelving location | Date acquired | Source of acquisition | Cost, normal purchase price | Total Checkouts | Full call number | Barcode | Date last seen | Price effective from | Koha item type |
|---|---|---|---|---|---|---|---|---|---|---|---|---|---|---|---|---|
| Central Library (CL) | Central Library (CL) | General Stacks | 02/24/2006 | Saeed Book Bank | 2800.00 | 621.3845 KAA | SEECS007018 | 11/14/2012 | 01/05/2017 | Book |
